| 000 | 01447nam a2200313 i 4500 | ||
|---|---|---|---|
| 001 | 181590 | ||
| 003 | ES-MaACL | ||
| 005 | 20250824085053.0 | ||
| 008 | 130221s1875 sp | |||||||| | spa d | ||
| 080 | _a821.134.2-1"15" | ||
| 080 | _a929 Aguilar, Pedro de (alférez) | ||
| 080 | _a94(460)"1556/98"(093.3) | ||
| 080 | _a94(611)"1516/1881"(093.3) | ||
| 100 | 1 |
_aAguilar, Pedro de _c(alférez) _9152321 |
|
| 245 | 1 | 0 |
_aMemorias del cautivo en la goleta de Túnez / _c(el Alférez Pedro de Aguilar) ; del original en poder de Tyssen Amhurst, Esq.re, de Didlington Hall, Norfolk. |
| 260 |
_aMadrid : _bSociedad de Bibliófilos Españoles, _c1875 ( _fImp., Estereotipia y Galvanoplastia de Aribau y Cª) |
||
| 300 |
_aXX, 314 p. ; _c23 cm. |
||
| 490 | 1 |
_aSociedad de Bibliófilos Españoles ; _v13 |
|
| 530 | _aDisponible en formato digital. | ||
| 600 | 1 | 4 |
_aAguilar, Pedro de _c(alférez) _9152321 |
| 651 | 4 |
_aTúnez- _xHistoria- _y1516-1881- _vRelatos personales españoles. _9152322 |
|
| 651 | 4 |
_aEspaña- _xHistoria- _y1556-1598, Felipe II- _vRelatos personales. _9173252 |
|
| 710 | 2 |
_aSociedad de Bibliófilos Españoles. _96661 |
|
| 830 | 1 | 0 |
_aSociedad de Bibliófilos Españoles _v13 _9187662 |
| 852 | 4 |
_aES-MaACL _jJ-7(13) |
|
| 856 | 4 |
_uhttp://bdh-rd.bne.es/viewer.vm?id=0000255867&page=1 _zBiblioteca Digital Hispánica |
|
| 856 | 4 |
_uhttps://archive.org/details/memoriasdelcauti00gaya _zInternet Archive |
|
| 999 |
_c181590 _d181590 |
||